Computer organization & the hardware / Software Interface / (Record no. 594859)
[ view plain ]
| 000 -LEADER | |
|---|---|
| fixed length control field | 01053nam a22001337a 4500 |
| 040 ## - CATALOGING SOURCE | |
| Transcribing agency | NUST |
| 082 ## - DEWEY DECIMAL CLASSIFICATION NUMBER | |
| Classification number | 004.22,PAT |
| 100 ## - MAIN ENTRY--PERSONAL NAME | |
| Personal name | Patterson, Davide A |
| 9 (RLIN) | 112714 |
| 245 ## - TITLE STATEMENT | |
| Title | Computer organization & the hardware / Software Interface / |
| Statement of responsibility, etc. | Davide A. Patterson John L Hennnessy |
| 260 ## - PUBLICATION, DISTRIBUTION, ETC. | |
| Place of publication, distribution, etc. | America |
| Name of publisher, distributor, etc. | Morgan KAufmann |
| Date of publication, distribution, etc. | 1994 |
| 300 ## - PHYSICAL DESCRIPTION | |
| Extent | xxiv,648 and A-1- I-24 p.; |
| 505 ## - FORMATTED CONTENTS NOTE | |
| Formatted contents note | Computer Abstractions and Technology (Page-2), The Role of Performance (Page-46), Instructions Language of the Machine (Page-92), Arithmetic for Computers (Page-166), The Processor Data path and Control (Page-268), Enhancing Performance with Pipelining (Page-362) Large and Fast Exploiting Memory Hierarchy (Page-452), Interfacing Processors and Peripherals (Page-532), Parallel Processor (Page-594), Assemblers, Linkers, and the SPIM Simulator (Page-A-2), The Basic of Logic design (Page--2), Mapping Control to Hardware (Page-C-2), Introducing C to PAscal Programmers (Page-D-5), Another Approach to Instruction Set Architecture -VAX (Page-E-2). |
| 942 ## - ADDED ENTRY ELEMENTS (KOHA) | |
| Source of classification or shelving scheme | |
| Koha item type | Book |
| Call number prefix | 004.22,PAT |
| Withdrawn status | Lost status | Source of classification or shelving scheme | Damaged status | Not for loan | Permanent Location | Current Location | Shelving location | Date acquired | Full call number | Barcode | Date last seen | Price effective from | Koha item type | Public note |
|---|---|---|---|---|---|---|---|---|---|---|---|---|---|---|
| Military College of Signals (MCS) | Military College of Signals (MCS) | General Stacks | 05/26/2023 | 004.22,PAT | MCS416 | 05/26/2023 | 05/26/2023 | Book | Almirah No.79, Shelf No.4 |
